LEADER 01052cam0-22003491i-450- 001 990004621050403321 005 20090713113529.0 035 $a000462105 035 $aFED01000462105 035 $a(Aleph)000462105FED01 035 $a000462105 100 $a19990604d1980----km-y0itay50------ba 101 0 $aeng 102 $aNL 105 $aaf------001yy 200 1 $aMithras-Orion$eGreek hero and Roman army God$fMichael P. Speidel 210 $aLeiden$cBrill$d1980 215 $aVIII, 56 p., 2 p. di tav.$cill.$d24 cm 225 1 $aÉtudes préliminaires aux religions orientales dans l'empire romain$v81 610 0 $aMitra$aCulto 676 $a299.15$v22$zita 700 1$aSpeidel,$bMichael P.$0183465 801 0$aIT$bUNINA$gRICA$2UNIMARC 901 $aBK 912 $a990004621050403321 952 $a299.1 SPE 1$bANT. G.R 3653$fFLFBC 952 $aP.4 COLL.393(81)$bBibl.52931$fFLFBC 952 $aDDR-XXIV B 001.81$b1863 ddr$fDDR$m21-8537 959 $aDDR 959 $aFLFBC 996 $aMithras-Orion$975947 997 $aUNINA LEADER 03133 am 2200493 n 450 001 9910518207503321 005 20220111 010 $a2-7535-8519-9 024 7 $a10.4000/books.pur.153460 035 $a(CKB)4100000012357315 035 $a(FrMaCLE)OB-pur-153460 035 $a(oapen)https://directory.doabooks.org/handle/20.500.12854/86709 035 $a(PPN)267962576 035 $a(EXLCZ)994100000012357315 100 $a20220112j|||||||| ||| 0 101 0 $afre 135 $auu||||||m|||| 181 $ctxt$2rdacontent 182 $cc$2rdamedia 183 $acr$2rdacarrier 200 13$aLe Comité parisien de la Libération $e1943-1945 /$fCharles Riondet 210 $aRennes $cPresses universitaires de Rennes$d2022 215 $a1 online resource (304 p.) 225 1 $aHistoire 311 $a2-7535-5181-2 330 $aLe rétablissement de la légalité républicaine en France occupée par les forces issues de la Résistance est un processus longuement préparé. Une de ses étapes décisives est l?unification de l?ensemble de ces forces résistantes, et la création de structures de coordination et de commandement uniques capables d?agir efficacement, suivant les ordres venus des instances supérieures, gouvernement d?Alger ou Conseil national de la Résistance. Dans ce contexte, le sort de la région parisienne et de la capitale est l?objet de toutes les attentions, pour des raisons aussi bien stratégiques que symboliques, et l?action du Comité parisien de la libération (CPL), chargé de coordonner localement la Résistance, est particulièrement scrutée. Reflet de la situation politique de la Résistance parisienne, où communistes et non communistes sont en concurrence, parfois en conflit, le CPL est le principal architecte de la prise du pouvoir dans les mairies de Paris et de banlieue, notamment par le truchement de comités locaux de libération. Après la victoire d?août 1944, CPL et comités locaux de libération sont encore largement impliqués dans le processus de reconstruction politique du département de la Seine, adjuvants, parfois concurrents, des nouveaux pouvoirs politiques et administratifs. Ce livre vise à éclairer l?histoire clandestine et légale des institutions résistantes à Paris et en proche banlieue, en mettant l?accent sur le processus par lequel la confrontation des pratiques et des expériences résistantes contribue à forger des institutions originales, à la fois organes monolithiques, assemblées politiques pluralistes et centres de commandement. 517 $aComité parisien de la Libération 606 $aHistory 606 $aParis 606 $ahistoire contemporaine 606 $arésistance 610 $aParis 610 $ahistoire contemporaine 610 $arésistance 615 4$aHistory 615 4$aParis 615 4$ahistoire contemporaine 615 4$arésistance 700 $aRiondet$b Charles$01320645 801 0$bFR-FrMaCLE 906 $aBOOK 912 $a9910518207503321 996 $aLe Comité parisien de la Libération$93034422 997 $aUNINA